000 00384nam a22001577a 4500
999 _c11417
_d11417
008 220709b ||||| |||| 00| 0 eng d
020 _a9780702070112
082 _a615.18 WHC
100 _aWhittlesea,Cate
245 _aClinical Pharmacy and Therapeutics
250 _a6th
260 _aNew Delhi
_bElsevier
_c2019
300 _a1094
650 _aPharmacology
942 _2ddc
_cBK